000 00302nam a22001337a 4500
082 _a823
_bCLA/H
245 _aTHE HAPPY PRINCE
_bSHORT STORY
246 _aTHE HAPPY PRINCE
_bSHORT STORY
250 _a2003
260 _aDELIHI
_bCLASSIC BOOKS
_c2003
300 _a214
520 _aSHORT STORY
942 _cBK
999 _c296
_d296